The preparation and delivery of sermons. (Record no. 11530)

000 -LEADER
fixed length control field 00560nam a2200181 a 4500
001 - CONTROL NUMBER
control field :::00009329$&:&@@
003 - CONTROL NUMBER IDENTIFIER
control field OkBaRHE
005 - DATE AND TIME OF LATEST TRANSACTION
control field 20000607103350.0
008 - FIXED-LENGTH DATA ELEMENTS--GENERAL INFORMATION
fixed length control field s1938 j 000 0 eng u
040 ## - CATALOGING SOURCE
Transcribing agency
100 1# - MAIN ENTRY--PERSONAL NAME
Personal name Patton, Carl Safford, 1866-1939.
245 14 - TITLE STATEMENT
Title The preparation and delivery of sermons.
260 ## - PUBLICATION, DISTRIBUTION, ETC. (IMPRINT)
Place of publication, distribution, etc New York, NY., :
Name of publisher, distributor, etc Willett, Clark & Co.
Date of publication, distribution, etc c1938
300 ## - PHYSICAL DESCRIPTION
Extent 191 p. ;
Dimensions 21 cm.
650 ## - SUBJECT ADDED ENTRY--TOPICAL TERM
Topical term or geographic name as entry element Preaching
942 ## - ADDED ENTRY ELEMENTS (KOHA)
Source of classification or shelving scheme
Koha item type Books
Copies
Copy number Damaged status Koha item type Shelving location Date last seen Full call number Lost status Date acquired Permanent Location Source of classification or shelving scheme Price effective from Barcode Withdrawn status Not for loan
1 BooksGeneral Stacks2010-04-14BV 4211 .P33 2010-04-14RHEMA Bible Training College 2010-04-149329